000
00281nam a22001337a 4500
008
181204b xxu||||| |||| 00| 0 eng d
020
_a
9780760700488
041
_a
eng
080
_a
710
100
_a
45
101
_a
ART
245
_a
Charles Russell
_c
Amy.B
942
_2
udc
_c
BK
999
_c
52762
_d
52762